[Event "CRO-chT2 West"]
[Site "Rijeka"]
[Date "2012.10.13"]
[Round "7.13"]
[White "Krsnik Cohar, Ivan Vihor"]
[Black "Ugulin, Silvano"]
[Result "1-0"]
[WhiteElo "2048"]
[BlackElo "2122"]
[PlyCount "109"]
[EventDate "2012.03.17"]
[EventType "team-tourn"]
[EventRounds "9"]
[EventCountry "CRO"]
[SourceTitle "EXT 2013"]
[Source "ChessBase"]
[SourceDate "2012.11.22"]
[SourceVersion "1"]
[SourceVersionDate "2012.11.22"]
[SourceQuality "1"]

1. d4 d5 2. Bg5 Nf6 3. e3 e6 4. Nd2 Nbd7 5. Bd3 c5 6. c3 Qb6 7. Rb1 Bd6 8. Ngf3 0-0 9. 0-0 Qc7 10. Qe2 cxd4 11. exd4 Re8 12. Bxf6 Nxf6 13. Ne5 g6 14. f4 Qe7 15. g4 Nd7 16. Nxd7 Bxd7 17. Qe3 Qh4 18. h3 f6 19. Kg2 Qh6 20. Qf3 Rf8 21. Rbe1 Rae8 22. Bc2 Kh8 23. Bb3 Bc6 24. Rf2 a5 25. a4 Qg7 26. Rfe2 Qc7 27. Rxe6 Rxe6 28. Rxe6 Bxf4 29. Nf1 f5 30. Bxd5 fxg4 31. hxg4 Bxd5 32. Qxd5 Qf7 33. Qe4 Bc7 34. Qe2 Qf4 35. Re4 Qg5 36. Re8 Kg7 37. Re7+ Rf7 38. Rxf7+ Kxf7 39. Qc4+ Kf6 40. Qxc7 Qxg4+ 41. Ng3 Qd1 42. Qe5+ Kf7 43. Qd5+ Kg7 44. Qxb7+ Kh6 45. Qf3 Qc2+ 46. Qf2 Qxa4 47. Qf8+ Kg5 48. Ne4+ Kh5 49. Nf6+ Kg5 50. Nxh7+ Kh5 51. Nf6+ Kg5 52. Ne4+ Kh5 53. Qh8+ Kg4 54. Qh3+ Kf4 55. Qf3# 1-0

[Event "CRO-chT2 West"]
[Site "Rijeka"]
[Date "2012.04.21"]
[Round "4.13"]
[White "Ugulin, Silvano"]
[Black "Monjac, Mislav"]
[Result "0-1"]
[WhiteElo "2122"]
[BlackElo "2054"]
[PlyCount "68"]
[EventDate "2012.03.17"]
[EventType "team-tourn"]
[EventRounds "9"]
[EventCountry "CRO"]
[SourceTitle "EXT 2013"]
[Source "ChessBase"]
[SourceDate "2012.11.22"]
[SourceVersion "1"]
[SourceVersionDate "2012.11.22"]
[SourceQuality "1"]

1. e4 c5 2. Nf3 d6 3. d4 cxd4 4. Nxd4 Nf6 5. Nc3 Nc6 6. Be3 g6 7. f3 Bg7 8. Qd2 0-0 9. 0-0-0 Be6 10. Nxe6 fxe6 11. Bh6 Bxh6 12. Qxh6 Ne5 13. Qh3 Qc8 14. Rd4 Nc6 15. Rd2 Na5 16. f4 a6 17. Bd3 b5 18. Kb1 Nh5 19. g3 Ng7 20. Qg4 Nc4 21. Re2 Qc5 22. Nd1 a5 23. h4 a4 24. Qg5 Qd4 25. h5 gxh5 26. Rxh5 Qg1 27. Kc1 Nxb2 28. Kxb2 Qxd1 29. e5 a3+ 30. Kb3 Rf5 31. Bxf5 Qd5+ 32. Kc3 b4+ 33. Kxb4 Qc5+ 34. Kb3 Rb8+ 0-1

[Event "CRO-chT3 West"]
[Site "Croatia"]
[Date "2011.03.13"]
[Round "3.22"]
[White "Ugulin, Silvano"]
[Black "Starcevic, Andrea"]
[Result "1-0"]
[WhiteElo "2139"]
[BlackElo "1793"]
[PlyCount "67"]
[EventDate "2011.03.12"]
[EventType "team-tourn"]
[EventRounds "9"]
[EventCountry "CRO"]
[SourceTitle "EXT 2014"]
[Source "ChessBase"]
[SourceDate "2013.11.20"]
[SourceVersion "1"]
[SourceVersionDate "2013.11.20"]
[SourceQuality "1"]

1. e4 c5 2. Nf3 e6 3. d4 cxd4 4. Nxd4 a6 5. c4 Qc7 6. Nc3 Nf6 7. Be3 Be7 8. Be2 d6 9. 0-0 Nbd7 10. Qd2 0-0 11. b3 b6 12. g4 Bb7 13. f3 Ne5 14. g5 Nfd7 15. h4 Nc6 16. f4 Nxd4 17. Bxd4 e5 18. Be3 exf4 19. Bxf4 Nc5 20. Bf3 Rad8 21. Rad1 Qd7 22. Qh2 Qe6 23. Rfe1 f6 24. Nd5 Bxd5 25. exd5 Qd7 26. Bg2 f5 27. Re3 Rfe8 28. Rde1 Nb7 29. Bh3 Nc5 30. Qe2 Kf8 31. Qh5 Kg8 32. g6 h6 33. Bxf5 Qc7 34. Bxh6 1-0

[Event "Porec op"]
[Site "Porec"]
[Date "2007.12.07"]
[Round "3"]
[White "Zaja, Ivan"]
[Black "Ugulin, Silvano"]
[Result "1-0"]
[WhiteElo "2467"]
[BlackElo "2065"]
[PlyCount "53"]
[EventDate "2007.12.06"]
[EventType "swiss"]
[EventRounds "7"]
[EventCountry "CRO"]
[SourceTitle "CBM 121 Extra"]
[Source "ChessBase"]
[SourceDate "2008.01.10"]
[SourceVersion "1"]
[SourceVersionDate "2008.01.10"]
[SourceQuality "1"]

1. d4 d5 2. c4 e6 3. Nc3 Nf6 4. cxd5 exd5 5. Bg5 c6 6. e3 Nbd7 7. Bd3 Be7 8. Qc2 0-0 9. Nge2 Re8 10. 0-0 Nf8 11. f3 Nh5 12. Bxe7 Qxe7 13. e4 dxe4 14. fxe4 Bg4 15. Rf2 Qg5 16. Raf1 Re7 17. Bc4 Ne6 18. d5 cxd5 19. exd5 Nd8 20. d6 Rd7 21. Ne4 Qe3 22. N2c3 Bf5 23. Qd2 Qxd2 24. Rxd2 Bxe4 25. Nxe4 Ne6 26. Bxe6 fxe6 27. g4 1-0

[Event "Porec op"]
[Site "Porec"]
[Date "2005.12.01"]
[Round "1"]
[White "Mehmeti, Tahir"]
[Black "Ugulin, Silvano"]
[Result "1-0"]
[WhiteElo "1888"]
[BlackElo "2156"]
[PlyCount "47"]
[EventDate "2005.12.01"]
[EventType "swiss"]
[EventRounds "7"]
[EventCountry "CRO"]
[SourceTitle "CBM 109 Extra"]
[Source "ChessBase"]
[SourceDate "2006.01.03"]
[SourceVersion "2"]
[SourceVersionDate "2006.01.03"]
[SourceQuality "1"]

1. e4 c5 2. c3 d5 3. e5 Nc6 4. Bb5 Qb6 5. Bxc6+ Qxc6 6. d4 Bf5 7. Ne2 Qg6 8. 0-0 Bxb1 9. Nf4 Qc2 10. Rxb1 Qxb1 11. Qa4+ Kd8 12. Nxd5 Qe4 13. Qa5+ b6 14. Nxb6 axb6 15. Qxb6+ Kc8 16. Qxc5+ Kb7 17. Qb5+ Kc7 18. d5 Qa4 19. Qc5+ Kd8 20. Be3 e6 21. Qxf8+ Kd7 22. Qxf7+ Ne7 23. dxe6+ Kc6 24. Qxe7 1-0